Clarice Lispector : la mirada en el jardín /

שמור ב:
מידע ביבליוגרפי
מחבר ראשי: Tarazona, Daniela (autor)
מחברים אחרים: Meléndez Gámez, Nuria (ilustración) (ilustración)
פורמט: ספר
שפה:ספרדית
יצא לאור: México : Lumen, 2020, c2020
סדרה:(Señales Fórcola ; 12)
נושאים:
תגים: הוספת תג
אין תגיות, היה/י הראשונ/ה לתייג את הרשומה!

MARC

LEADER 00000nam^a2200000^a^4500
001 000436704
005 20250521000000.0
009 20260526144911.618
020 |a 978-607-319-609-3 
037 |a Acervo ITESO - Biblioteca 
041 |a ESP 
082 |a 869. 98106  |b TAR 
100 |a Tarazona, Daniela  |e (autor) 
245 1 0 |a Clarice Lispector :  |b la mirada en el jardín /  |c D. Tarazona ; il. de N. Meléndez Gámez. 
264 4 |a México :  |b Lumen,  |c 2020, c2020 
300 |a 167 p. 
336 |a texto  |b txt  |2 rdacontenido 
337 |a sin mediación  |b n  |2 rdamedio 
338 |a volumen  |b nc  |2 rdasoporte 
440 1 |a (Señales Fórcola ;  |v 12) 
521 |a FIL 2021 DIA 
545 0 |a La brasileña Clarice Lispector (Ucrania, 1920-Río de Janeiro, 1977), estudió Derecho en Río de Janeiro, aunque su vocación literaria se manifestó prácticamente desde la adolescencia. Obtuvo con su primer libro, Cerca del corazón salvaje (1943), el Premio Graça Aranha de ese año. Introductora de la línea introspectiva en la narrativa brasileña, usó en su escritura el fluir de conciencia, incluso antes de saber de James Joyce y Virginia Woolf. Preocupada por los límites de la palabra y por atrapar el misterio y lo inaprehensible, se mueve en una temática marcadamente intimisma y feminista. Lazos de familia (1960), La manzana en la oscuridad 1961), La pasión según G.H. (1963), Aprendizaje o el libro de los placeres (1969), Felicidad clandestina (1971) y La hora de la estrella (1977), son algunos de sus textos. 
649 |a XX 
650 |a Escritores Brasileños 
650 |a Mujeres Brasileñas 
650 |a Literatura Brasileña -  |y Siglo XX 
650 |a Literatura Brasileña -  |x Historia y Crítica 
650 |a Literatura de Mujeres -  |z Brasil -  |x Historia y Crítica 
650 |a Lispector, Clarice -  |x Tema Principal 
700 |a Meléndez Gámez, Nuria  |e (ilustración) 
910 |a Fondo General 
920 |a Impresos - Libros 
930 |a Colección General 
940 |a Literatura 
905 |a 101 
901 |a 0500350544  |b IT1  |c LIT  |i C176589  |u 20250521 
902 |a https://opac.biblio.iteso.mx/vufind/Record/000436704